00699njm a22001937a 450000500170000000800410001704100080005810000300006624500190009626000150011526000170013026000090014730000130015630000180016950502530018765000150044065000210045565000290047620220720143118.0190128b xxu||||| |||| 00| 0 spa d aspa aSonámbulo Psicotropical aA puro peluche aCosta Rica bPapaya Music c2009 a1 CD-ROM a70:56 minutos a1. A puro peluche. 2. Juana. 3. Agua. 4. No hay mal. 5. Jabalí montuno (Intro). 6. Jabalí montuno (Jabalí). 7. Jabalí montuno (Chivo). 8. Bolero carabali. 9. Animal. 10. El zopilote. 11. Zona roja. 12. Chusma funk. 13. 1807 amor de cafetal. aCOSTA RICA aMÚSICA POPULAR aMÚSICA LATINOAMERICANA